00384 a2200121 4500001001000000005001700010008004100027245006700068100002300135700002300158773006400181999001700245ART_4482620260410161850.0260409a 10aLong-run effects of commodity prices on the real exchange rate1 aAhumada, Hildegart1 aCornejo, Magdalena0 tEconómicag- Año LXI, Nº 1/2 (ene./dic. 2015)wREV7541 c24892d24892